Conflicto Honduras-Nicaragua: claves necesarias /

Saved in:
Bibliographic Details
Main Author: Zamora, Augusto
Format: Text
Tags: Add Tag
No Tags, Be the first to tag this record!

MARC

LEADER 00000 a a2200000 04500
001 7119
003
040
100 |a Zamora, Augusto  
245 |a Conflicto Honduras-Nicaragua:   |b claves necesarias /  |c Augusto Zamora 
773 |g volumen 19, número 214 -215; páginas 20-25  
999 |c 26481  |d 26481